Monarchs Of Portugal Quiz - Statistics

General Stats
  • This quiz has been taken 84 times
  • The average score is 28 of 39
Answer Stats
Rule Answer % Correct
1433-1438 John I
91%
1481-1495 John II
91%
1521-1557 John III
91%
1640-1656 John IV
91%
1706-1750 John V
91%
1816-1826 John VI
91%
1494-1521 Manuel I
84%
1908-1910 Manuel II
84%
1357-1367 Peter I
78%
1683-1706 Peter II
78%
1777-1786(Co-ruled with above) Peter III
78%
1826 Peter IV
78%
1853-1861 Peter V
78%
1139-1185 Afonso I
77%
1211-1223 Afonso II
77%
1247-1279 Afonso III
77%
1325-1357 Afonso IV
77%
1656-1683 Afonso IV
77%
1477-1481 Afonso V
77%
1777-1816 Maria I
77%
1826-1828 Maria II
77%
1834-1853 Maria II
77%
1861-1889 Louis I
73%
1598-1621 Philip II
73%
1578-1580 Henry I
70%
1889-1908 Carlos I
67%
1581-1598 Philip I
67%
1621-1640 Philip III
67%
1557-1578 Sebastian I
67%
1367-1383 Ferdinand I
58%
1837-1853 (Co-ruled with above) Ferdinand II
58%
1185-1211 Sancho I
58%
1223-1247 Sancho II
58%
1438-1477 Edward
56%
1828-1834 Michael I
55%
1750-1777 Joseph I
53%
1279-1325 Denis I
52%
1580-1581 Anthony I
30%
1385-1433 Beatrice
22%
No matching quizzes found
Score Distribution
Percent of People with Each Score
Percentile by Number Answered
Your Score History
You have not taken this quiz